A RAP2>CNH-MAP4K Signaling Pathway Promotes Non-Specialized Epithelial Cell Fate in So-Called Ground/Passive/Uninduced Cells /

Bibliographic Details
Main Author: Fakieh, Razan A. (Author)
Other Authors: Reiner, David (Thesis advisor)
Format: Thesis eBook
Language:English
Published: [College Station, Texas] : [Texas A&M University], [2023]
Subjects:
Online Access:Link to OAKTrust copy

MARC

Tag First Indicator Second Indicator Subfields
LEADER 00000nam a22000007i 4500
001 in00005621421
008 250130s2023 txu∎∎∎∎ obm 000 0 eng d
006 m fo d
007 cr unu||||||||
005 20250326141437.1
035 |a 1492383090 
040 |a TXA  |c TXA  |b eng  |e rda  |e pn 
035 |a (TxCM)https://hdl.handle.net/1969.1/198706 
099 |a 2022  |a Dissertation 
049 |a TXAM 
100 1 |a Fakieh, Razan A.,  |e author. 
245 1 2 |a A RAP2>CNH-MAP4K Signaling Pathway Promotes Non-Specialized Epithelial Cell Fate in So-Called Ground/Passive/Uninduced Cells /  |c by Razan Fakieh. 
264 1 |a [College Station, Texas] :  |b [Texas A&M University],  |c [2023] 
300 |a 1 online resource. 
336 |a text  |b txt  |2 rdacontent 
337 |a computer  |b c  |2 rdamedia 
338 |a online resource  |b cr  |2 rdacarrier 
347 |a text file  |b PDF  |2 rda 
500 |a "Major Subject: Medical Sciences" 
500 |a Includes vita. 
502 |b Doctor of Philosophy  |c Texas A&M University  |d 2022  |o https://hdl.handle.net/1969.1/198706 
504 |a Includes bibliographical references. 
516 |a Text (Dissertation) 
520 3 |a During C. elegans development, EGF signal from the anchor cell (AC) induces the roughly six equipotent vulval precursor cells (VPCs) to assume the pattern 3˚-3˚-2˚-1˚-2˚-3˚ of cell fates. The VPC closest to the AC is induced via the Ras-Raf-MEK-ERK MAP kinase cascade to assume 1˚ fate. Presumptive 1˚ cells express DSL ligands to induce the two neighboring cells via the Notch receptor to assume 2˚ fate. In contrast, 3˚ fate is typically referred to as the "ground" or "uninduced" cell fate; 3˚ cells divide once and fuse with the surrounding epithelium. We observed that MIG-15, a MAP4 kinase, plays a role in VPC patterning. Upon genetic perturbation of MIG-15 function, we observed an increase in ectopic 1˚ as well as ectopic 2˚ cells. This is also true for RAP-2, a protein shown in various systems to activate MIG-15. Both RAP-2 and MIG-15 are necessary for full expression of a marker expressed in 3° cells. Endogenous CRISPR tags of MIG-15 and RAP-2 revealed ubiquitous expression with cytosolic and cell-membrane localization of both genes respectively. Our work positions us to explore signals that promote "ground" developmental state and perhaps informs the relationship between cancers and stromal cells. The electronic version of this dissertation is accessible from https://hdl.handle.net/1969.1/198706 
588 |a Description from author supplied metadata (automated record created 2024-09-05 11:30:15). 
650 4 |a Major Medical Sciences 
653 |a Cell fate 
653 |a Developmental biology 
653 |a C.elegans 
653 |a cell signaling 
653 |a CRISPR 
700 1 |a Reiner, David ,  |e thesis advisor. 
710 2 |a Texas A&M University,  |e degree granting institution. 
856 4 0 |3 Texas A&M University  |u https://hdl.handle.net/1969.1/198706  |z Link to OAKTrust copy  |t 0 
999 f f |s a3e633ca-2b8a-45df-942c-742736ebd374  |i 0905f3a4-647b-4cdf-ae71-0b05fc456d54  |t 0 
952 f f |a Texas A&M University  |b College Station  |c Electronic Resources  |d Available Online  |t 0 
998 f f |t 0  |l Available Online